000 01996nam1a2200325 i 4500
001 RU\NLR\bibl\1479229
005 20260407215013.0
035 _a(NLR Aleph) 001470888
090 _a1642866
_c1642866
100 _a20100301g20099999k y0rusy50 ca
101 0 _arus
_aeng
_deng
102 _aRU
105 _a||||z |||||
200 1 _aГеодинамика внутриконтинентальных орогенов и геоэкологические проблемы
_eсборник материалов Четвертого международного симпозиума, 15-20 июня 2008 года
_f[отв. ред.: акад. Ю.Г. Леонов]
210 _aМосква
_aБишкек
_c[б. и.]
_d2009
215 _d30
300 _aВ надзаг.: Науч. станция РАН, Междунар. науч.-исслед. центр - Геодинамический полигон в г. Бишкеке
463 0 _10011471990
606 _aГорные области
_jСъезды, совещания и т.п.
_xГеоэкологические исследования
_92320816
_3RU\NLR\auth\661388439
606 _aТектонические структуры орогенные
_jСъезды, совещания и т.п.
_xГеодинамика
_92586025
_3RU\NLR\auth\661528505
686 _aД390.3я431(0)
686 _aД50я431(0)
702 1 _4340
_8rus
_7ca
_aЛеонов
_bЮ. Г.
_cд-р геол.-минерал. наук
_f1934-
_gЮрий Георгиевич
_3RU\NLR\auth\7742887
_925830
711 1 2 _a"Геодинамика внутриконтинентальных орогенов и геоэкологические проблемы", международный симпозиум
_d4
_f2008
_eБишкек
_3RU\NLR\AUTH\8810144855
_9784096
801 0 _aRU
_bNLR
_c20100301
_gRCR
801 1 _aRU
_bNLR
_c20100301
852 _aNLR
_j2010-8/401
942 _cBOOK